| 000 | 00562nam a2200193 u 4500 | ||
|---|---|---|---|
| 005 | 20240228063922.0 | ||
| 008 | 080415s2004 es r 000 0 spa d | ||
| 020 | _a8424639758 | ||
| 035 | _aUPN01000155456 | ||
| 049 | _aI | ||
| 050 | 4 |
_aPZ74.1 _bP6.6 |
|
| 245 | 0 | 0 | _aPopocatépetl. |
| 260 |
_aBarcelona, Esp. : _bGalaxia : _bEditores Asociados, _c2004. |
||
| 300 |
_a45 p. : _bil. |
||
| 440 | 0 |
_aLeyendas sudamericanas ; _v5 |
|
| 650 | 4 |
_aLibros y lectura para niños _92290 |
|
| 650 | 4 |
_aLEYENDAS MEXICANAS - _vLITERATURA INFANTIL _922017 |
|
| 905 | _aInfantil | ||
| 999 |
_c127571 _d127571 |
||